[Event "Bansko Grand Chess Open"]
[Site "Bansko BUL"]
[Date "2010.12.14"]
[Round "2.14"]
[White "Perunovic, Miodrag"]
[Black "Hristodoulou, Panagiotis"]
[Result "1-0"]
[WhiteTitle "IM"]
[WhiteElo "2465"]
[BlackElo "2207"]
[WhiteFideId "919993"]
[BlackFideId "4214340"]
[EventDate "2010.12.13"]

1. d4 d5 2. Bf4 Nf6 3. e3 c5 4. c3 Nc6 5. Nd2 Bf5 6. Qb3 Qd7 7. dxc5 e5 8. Bg3
Bxc5 9. Ngf3 Bd6 10. Bb5 Qe7 11. c4 a6 12. cxd5 axb5 13. dxc6 bxc6 14. Qc3 O-O
15. O-O Nd5 16. Qc1 Bd3 17. Rd1 Rfd8 18. Bh4 f6 19. Nf1 Be2 20. Rd2 Bxf3 21.
gxf3 Rac8 22. a4 Qe6 23. Qd1 Bc7 24. axb5 cxb5 25. Rc1 Qf7 26. Qb3 b4 27. e4 Ne7
28. Qxf7+ Kxf7 29. Rxc7 Rxd2 30. Rxc8 Rxb2 31. Rb8 g5 32. Bg3 Nc6 33. Rb7+ Ke6
34. Ne3 Nd4 35. Kg2 b3 36. Nd5 Rc2 37. Rxh7 b2 38. Rb7 Ne2 39. Ne3 Rd2 40. Nf5
Rd7 41. Rxb2 Nd4 42. Rb6+ Kf7 43. Nh6+ Ke7 44. Ng4 Ne6 45. Nh6 Ra7 46. Nf5+ Kf7
47. Nd6+ Kg7 48. Nc8 Rc7 49. Rxe6 Rxc8 50. h4 Kf7 51. Ra6 Rc5 52. hxg5 fxg5 53.
Kh3 1-0

[Event "Bansko Grand Chess Open"]
[Site "Bansko BUL"]
[Date "2010.12.14"]
[Round "2.15"]
[White "Todorov, Momchil"]
[Black "Berbatov, Kiprian"]
[Result "0-1"]
[BlackTitle "IM"]
[WhiteElo "2205"]
[BlackElo "2461"]
[WhiteFideId "2906350"]
[BlackFideId "2910446"]
[EventDate "2010.12.13"]

1. d4 Nf6 2. c4 g6 3. g3 Bg7 4. Bg2 d5 5. cxd5 Nxd5 6. Nf3 Nb6 7. O-O Nc6 8. e3
O-O 9. Nc3 Re8 10. Re1 a5 11. h3 a4 12. a3 Ra5 13. Bd2 e5 14. Ne2 e4 15. Ne5
Rexe5 16. dxe5 Rd5 17. Nd4 Nxd4 18. exd4 Rxd4 19. Bxe4 Rxd2 20. Qf3 Bxe5 21.
Rad1 Rxd1 22. Rxd1 Qf6 23. Bxb7 Qxf3 24. Bxf3 Bxb2 25. Bc6 Bxh3 26. Rb1 Bxa3 27.
Bxa4 Nxa4 28. Ra1 Bd6 29. Rxa4 h5 0-1

[Event "Bansko Grand Chess Open"]
[Site "Bansko BUL"]
[Date "2010.12.14"]
[Round "2.17"]
[White "Pavlidou, Ekaterini"]
[Black "Ninov, Kiril"]
[Result "1-0"]
[WhiteTitle "WIM"]
[BlackTitle "IM"]
[WhiteElo "2188"]
[BlackElo "2423"]
[WhiteFideId "4213262"]
[BlackFideId "2900181"]
[EventDate "2010.12.13"]

1. d4 d5 2. c4 c6 3. Nf3 Nf6 4. Nc3 e6 5. Bg5 Be7 6. e3 Nbd7 7. Bd3 h6 8. Bh4
O-O 9. O-O b6 10. cxd5 Nxd5 11. Bg3 Bb7 12. e4 Nxc3 13. bxc3 c5 14. Qe2 Nf6 15.
h3 Rc8 16. a4 cxd4 17. cxd4 Rc3 18. Rfd1 Qa8 19. Bh4 Re8 20. Bb5 Bxe4 21. Bxf6
Bxf3 22. gxf3 Bxf6 23. Bxe8 Qxe8 24. d5 Rc5 25. Rac1 Qxa4 26. Rxc5 bxc5 27. dxe6
Qe8 28. exf7+ Qxf7 29. Qe4 Bd4 30. Rb1 Qc7 31. Kg2 Qe5 32. Rb7 a5 33. Ra7 Qxe4
34. fxe4 Bc3 35. Kf3 Bb4 36. Ke2 c4 37. Rc7 c3 38. Kd3 g5 39. f3 h5 40. Rb7 h4
41. Kc2 1-0

[Event "Bansko Grand Chess Open"]
[Site "Bansko BUL"]
[Date "2010.12.14"]
[Round "2.18"]
[White "Georgiev, Krum"]
[Black "Osmanoglou, Halil"]
[Result "1-0"]
[WhiteTitle "GM"]
[WhiteElo "2422"]
[BlackElo "2184"]
[WhiteFideId "2900092"]
[BlackFideId "4208390"]
[EventDate "2010.12.13"]

1. e4 e5 2. Nf3 Nc6 3. Bb5 a6 4. Ba4 Nf6 5. O-O Be7 6. Re1 b5 7. Bb3 d6 8. c3
O-O 9. d3 Na5 10. Bc2 c5 11. Nbd2 Re8 12. Nf1 Bf8 13. Bg5 g6 14. Ne3 Be6 15. d4
cxd4 16. cxd4 exd4 17. Nxd4 Rc8 18. Qf3 Be7 19. Nxe6 fxe6 20. Qh3 Kf7 21. Bxf6
Bxf6 22. e5 Bg7 23. a4 d5 24. Bd3 Nc4 25. axb5 Nxe5 26. Bf1 axb5 27. Bxb5 Re7
28. Bf1 Qb6 29. Nxd5 exd5 30. Qxc8 d4 31. Qc4+ 1-0

[Event "Bansko Grand Chess Open"]
[Site "Bansko BUL"]
[Date "2010.12.14"]
[Round "2.19"]
[White "Ivanov, Bogidar"]
[Black "Maksimovic, Branimir"]
[Result "0-1"]
[BlackTitle "IM"]
[WhiteElo "2179"]
[BlackElo "2421"]
[WhiteFideId "2907305"]
[BlackFideId "901490"]
[EventDate "2010.12.13"]

1. e4 e6 2. d4 d5 3. Nc3 Nf6 4. Bg5 Bb4 5. e5 h6 6. Bd2 Bxc3 7. bxc3 Ne4 8. Bd3
Nxd2 9. Qxd2 c5 10. Nf3 Qa5 11. O-O Nc6 12. Rfd1 a6 13. Bf1 c4 14. a3 Na7 15.
Rdb1 b5 16. Kh1 Bd7 17. Ng1 O-O 18. Re1 Nc6 19. Re3 f6 20. exf6 Rxf6 21. Rf3
Raf8 22. Rxf6 Rxf6 23. f4 Be8 24. Be2 Bg6 25. Bf3 Qa4 26. Ra2 a5 27. Ne2 b4 28.
cxb4 axb4 29. Qc1 Kh7 30. Qb2 bxa3 31. Qc3 Qb4 32. Qa1 Rf7 33. c3 Qd6 34. Rxa3
Rb7 35. Ng1 Rb1 36. Qa2 Qxf4 37. Qf2 Ne7 38. Ra6 Bf5 39. g3 Qg5 40. h4 Qf6 41.
Kh2 Rc1 42. Qe3 Rc2+ 43. Ne2 Be4 44. Kg2 Nf5 45. Qf4 Rxe2+ 46. Kh3 Bxf3 47. Qxf3
Re3 0-1

[Event "Bansko Grand Chess Open"]
[Site "Bansko BUL"]
[Date "2010.12.14"]
[Round "2.20"]
[White "Ashwin, Jayaram"]
[Black "Stojanov, Alexandar"]
[Result "1-0"]
[WhiteTitle "IM"]
[WhiteElo "2420"]
[BlackElo "2148"]
[WhiteFideId "5018137"]
[BlackFideId "2907941"]
[EventDate "2010.12.13"]

1. e4 b6 2. d4 Bb7 3. Bd3 g6 4. Nf3 Bg7 5. c4 d6 6. Nc3 Nd7 7. Bg5 h6 8. Be3 e6
9. Qd2 a6 10. O-O Ne7 11. h3 g5 12. Nh2 Ng6 13. Ne2 Qe7 14. Bc2 c5 15. Rad1
O-O-O 16. b4 f5 17. f3 cxd4 18. Bxd4 fxe4 19. Bxg7 Qxg7 20. Bxe4 Bxe4 21. fxe4
Nde5 22. a4 Nxc4 23. Qa2 d5 24. Nd4 Rhe8 25. Ng4 Nf4 26. b5 a5 27. Nc6 Rd6 28.
Qf2 Kb7 29. Ne3 Nb2 30. Rd4 e5 31. Nf5 Qf6 32. Nxd6+ Qxd6 33. Rxd5 Nxd5 34. exd5
Qc5 35. d6 Nd3 36. Qxc5 1-0

[Event "Bansko Grand Chess Open"]
[Site "Bansko BUL"]
[Date "2010.12.14"]
[Round "2.21"]
[White "Dichev, Nedelcho"]
[Black "Collas, Didier"]
[Result "0-1"]
[BlackTitle "IM"]
[WhiteElo "2142"]
[BlackElo "2420"]
[WhiteFideId "2901749"]
[BlackFideId "602680"]
[EventDate "2010.12.13"]

1. c4 f5 2. Nc3 Nf6 3. g3 g6 4. Bg2 Bg7 5. d3 O-O 6. e4 d6 7. Nge2 c5 8. O-O Nc6
9. f4 e6 10. h3 Qe7 11. Kh2 Kh8 12. Rb1 Bd7 13. a3 e5 14. Nd5 Nxd5 15. cxd5 Nd4
16. Nxd4 cxd4 17. Bd2 Bb5 18. Qe2 Rae8 19. Rbe1 Qc7 20. Rc1 Qb6 21. fxe5 Bxe5
22. Bh6 Rf7 23. Qd2 Qd8 24. Bg5 Qd7 25. h4 fxe4 26. Bh3 e3 27. Qe2 Rf5 28. Bxf5
gxf5 0-1

[Event "Bansko Grand Chess Open"]
[Site "Bansko BUL"]
[Date "2010.12.14"]
[Round "2.22"]
[White "Strelnikov, Sergey"]
[Black "Glavchev, Stanislav"]
[Result "1-0"]
[WhiteElo "2419"]
[BlackElo "2129"]
[WhiteFideId "14113473"]
[BlackFideId "2901412"]
[EventDate "2010.12.13"]

1. Nf3 Nc6 2. e4 e5 3. Bb5 a6 4. Ba4 Nf6 5. O-O Be7 6. Re1 b5 7. Bb3 O-O 8. h3
d6 9. c3 Na5 10. Bc2 c5 11. d4 Qc7 12. Nbd2 cxd4 13. cxd4 Bd7 14. Nf1 Rac8 15.
Ne3 Rfe8 16. Bd2 Bf8 17. Rc1 Qb6 18. dxe5 dxe5 19. Bc3 Rcd8 20. Nxe5 Rxe5 21.
Bxe5 Bg4 22. Qxd8 Qxd8 23. hxg4 Nc6 24. Red1 Nd7 25. Bd6 Qf6 26. Bxf8 Nxf8 27.
Bb3 Nd4 28. Rd2 g6 29. Nd5 Nf3+ 30. gxf3 Qxf3 31. Bd1 1-0

[Event "Bansko Grand Chess Open"]
[Site "Bansko BUL"]
[Date "2010.12.14"]
[Round "2.23"]
[White "Ljangov, Petar"]
[Black "Dimitrov, Radoslav"]
[Result "1/2-1/2"]
[BlackTitle "IM"]
[WhiteElo "2090"]
[BlackElo "2410"]
[WhiteFideId "2901277"]
[BlackFideId "2908549"]
[EventDate "2010.12.13"]

1. Nf3 Nf6 2. b3 g6 3. Bb2 Bg7 4. g3 O-O 5. Bg2 d6 6. d4 c5 7. dxc5 Qa5+ 8. Bc3
Qxc5 9. O-O Bf5 10. Nh4 Nc6 11. Nxf5 Qxf5 12. Qd3 Qxd3 13. cxd3 d5 14. Nd2 e6
15. Nf3 Nd7 16. Bxg7 Kxg7 17. Rfc1 Rac8 18. a3 b6 19. d4 Rc7 20. Rc2 Rfc8 21.
Rac1 Kf8 22. e3 Ke7 23. Bf1 Ndb8 24. b4 Kd6 25. Bb5 f6 26. Be2 Ne7 27. Rxc7 Rxc7
28. Rxc7 Kxc7 29. Kf1 Kd6 30. Ke1 h6 31. Kd2 e5 32. Kc3 Nd7 33. Bb5 Nf8 34. h4
Ne6 35. Ba4 e4 36. Ne1 g5 37. Ng2 Nf5 38. Bd1 gxh4 39. gxh4 Ne7 40. Bg4 Nf8 41.
Bh3 f5 42. Nf4 Nfg6 43. Ng2 Nf8 44. Nf4 Nd7 45. Kd2 Nf6 46. Ke1 a5 47. Kd2 axb4
48. axb4 Ng4 49. Bxg4 fxg4 50. h5 Nf5 51. Ne2 Ng7 52. Nf4 Ne6 53. Ne2 Ke7 54.
Nc3 Nc7 55. b5 Kf6 56. Na4 Nxb5 57. Nxb6 Nc7 58. Ke2 Kg5 59. Kf1 Kxh5 60. Kg2
Kg5 61. Nd7 Ne8 62. Nc5 Ng7 63. Nd7 Nh5 64. Ne5 Kf5 65. Nf7 Nf6 66. Kg3 Kg6 67.
Ne5+ Kh5 68. Nf7 Nd7 69. Nd6 Kg5 70. Nf7+ Kg6 71. Nd6 h5 72. Kh4 Nf6 73. Nb5 Ng8
74. Nc7 Ne7 75. Kg3 Kf5 76. Kh4 Kg6 77. Kg3 Kg5 78. Ne6+ Kh6 79. Kf4 Nc6 80. Kg3
Nb4 81. Nf4 Kg5 82. Ne6+ Kg6 83. Nf4+ Kh6 84. Ne6 Na2 85. Nf4 Nb4 86. Kh4 Nd3
87. Nxh5 Nxf2 88. Nf4 Kg7 89. Kg3 Nd1 90. Nxd5 Kf7 91. Kxg4 Ke6 92. Nf4+ Kd6 93.
Ng2 Kd5 94. Kf5 Nxe3+ 95. Nxe3+ Kxd4 96. Ng4 e3 97. Nxe3 Kxe3 1/2-1/2

[Event "Bansko Grand Chess Open"]
[Site "Bansko BUL"]
[Date "2010.12.14"]
[Round "2.24"]
[White "Dobrev, Nanko"]
[Black "Sotirov, Nikolaj"]
[Result "1-0"]
[WhiteTitle "IM"]
[WhiteElo "2376"]
[BlackElo "2109"]
[WhiteFideId "2901633"]
[BlackFideId "2904454"]
[EventDate "2010.12.13"]

1. d4 Nf6 2. Nf3 g6 3. c4 Bg7 4. Nc3 d5 5. e3 O-O 6. Qb3 dxc4 7. Bxc4 Nc6 8. Ne5
Nxe5 9. dxe5 Ng4 10. f4 e6 11. O-O b6 12. Be2 Qh4 13. h3 Nh6 14. Bf3 Ba6 15. Rf2
Nf5 16. Qa4 Bd3 17. Bxa8 Rxa8 18. e4 Ng3 19. Be3 b5 20. Qd1 Bxe4 21. Nxe4 Nxe4
22. Qf3 f5 23. exf6 1-0

[Event "Bansko Grand Chess Open"]
[Site "Bansko BUL"]
[Date "2010.12.14"]
[Round "2.25"]
[White "Iskos, Alexandros"]
[Black "Fazulyanov, Sergey"]
[Result "1-0"]
[BlackTitle "FM"]
[WhiteElo "2080"]
[BlackElo "2365"]
[WhiteFideId "4208676"]
[BlackFideId "4153383"]
[EventDate "2010.12.13"]

1. e4 c5 2. Nf3 Nc6 3. d4 cxd4 4. Nxd4 e5 5. Nb5 d6 6. c4 Be7 7. N1c3 a6 8. Na3
f5 9. exf5 Bxf5 10. Bd3 Be6 11. Nc2 Nf6 12. O-O O-O 13. b3 Rc8 14. Bg5 Kh8 15.
Bxf6 gxf6 16. Be4 f5 17. Bd5 Bd7 18. Kh1 Bf6 19. Rc1 Qa5 20. Ne3 Qc7 21. Qh5 Nd4
22. g4 fxg4 23. Nxg4 Bg7 24. Ne4 Be8 25. Qh4 Bg6 26. Ng5 Qd8 27. Ne3 Rf4 28. Qh3
Rc7 29. Ne6 Nxe6 30. Qxe6 Qf8 31. f3 Bh6 32. Ng4 Bg5 33. Nxe5 dxe5 34. Qxe5+ Rg7
35. Qxg5 Bd3 36. Qe5 Bxf1 37. Rxf1 Rf5 38. Qd4 Rf6 39. Be4 Qd6 40. Bd5 Rh6 41.
Qb2 Qf6 42. Re1 Qf8 43. Qd4 Qb8 44. Qf4 Qd6 45. Re8+ 1-0

[Event "Bansko Grand Chess Open"]
[Site "Bansko BUL"]
[Date "2010.12.14"]
[Round "2.26"]
[White "Kukov, Velislav"]
[Black "Anev, Asen"]
[Result "1-0"]
[WhiteTitle "FM"]
[WhiteElo "2355"]
[BlackElo "2090"]
[WhiteFideId "2906139"]
[BlackFideId "2904934"]
[EventDate "2010.12.13"]

1. d4 d5 2. Bf4 Nf6 3. e3 c5 4. Nc3 a6 5. Nf3 Bf5 6. dxc5 Qa5 7. Nd4 Bg4 8. f3
Bc8 9. Nb3 Qd8 10. Bg5 e6 11. e4 Be7 12. exd5 Nxd5 13. Bxe7 Qxe7 14. Nxd5 exd5+
15. Qe2 Be6 16. O-O-O Nd7 17. f4 O-O 18. Qe3 Rfe8 19. Bd3 Qf8 20. Qd4 f6 21.
Rde1 Bf7 22. Bf5 Re7 23. Rxe7 Qxe7 24. Bxd7 Qxd7 25. Re1 Qg4 26. Qf2 Rc8 27. h3
Qd7 28. Qd4 Qc7 29. c3 Rd8 30. g4 h5 31. Nd2 Qc8 32. Rg1 hxg4 33. hxg4 Qe6 34.
f5 Qe5 35. Qxe5 fxe5 36. Re1 Re8 37. Nf3 e4 38. Nd4 Rc8 39. b4 Be8 40. Kd2 Kf7
41. Rh1 Kf6 42. Rh7 Kg5 43. Ke3 g6 44. Rxb7 gxf5 45. gxf5 Bh5 46. Rg7+ Kf6 47.
Rh7 Bd1 48. Kf4 Rg8 49. Rh6+ Kf7 50. c6 Rg4+ 51. Ke5 e3 52. c7 Re4+ 53. Kd6 Re8
54. Re6 1-0

[Event "Bansko Grand Chess Open"]
[Site "Bansko BUL"]
[Date "2010.12.14"]
[Round "2.27"]
[White "Kolev, Atanas Tonchev"]
[Black "Pavlidis, Anastasios"]
[Result "0-1"]
[BlackTitle "FM"]
[WhiteElo "2049"]
[BlackElo "2352"]
[WhiteFideId "2901463"]
[BlackFideId "4208404"]
[EventDate "2010.12.13"]

1. d4 d5 2. c4 c6 3. Nf3 Nf6 4. Nc3 e6 5. Bg5 h6 6. Bxf6 Qxf6 7. e3 Nd7 8. Bd3
dxc4 9. Bxc4 Be7 10. O-O O-O 11. Rc1 e5 12. d5 Nb6 13. dxc6 bxc6 14. Ne4 Qg6 15.
Bd3 Qe6 16. Ng3 Bb7 17. b3 Ba3 18. Rc2 f5 19. e4 f4 20. Nf5 Kh7 21. Qa1 Rae8 22.
Qc3 c5 23. Qa5 Bb4 24. Qxa7 Rf7 25. Nxe5 Rc7 26. Nd4 Qxe5 27. Qxb6 Qxd4 28. Qxc7
Qxd3 29. Rcc1 Qxe4 30. f3 Qe3+ 31. Kh1 Re7 32. Qd6 Re6 33. Qf8 Rf6 34. Qd8 Qe2
35. Qd1 Qxa2 36. Qd3+ Rg6 37. Rc2 Qa6 38. Rc4 Qd6 39. Qc2 Bd5 40. Rd1 Qe5 0-1

[Event "Bansko Grand Chess Open"]
[Site "Bansko BUL"]
[Date "2010.12.14"]
[Round "3.1"]
[White "Perunovic, Miodrag"]
[Black "Cheparinov, Ivan"]
[Result "1/2-1/2"]
[WhiteTitle "IM"]
[BlackTitle "GM"]
[WhiteElo "2465"]
[BlackElo "2668"]
[WhiteFideId "919993"]
[BlackFideId "2905540"]
[EventDate "2010.12.13"]

1. d4 Nf6 2. c4 g6 3. Nc3 Bg7 4. e4 d6 5. h3 O-O 6. Nf3 e5 7. d5 Nh5 8. Nd2 Qe8
9. g3 f5 10. exf5 e4 11. Ncxe4 Bd4 12. Qe2 Bxf5 13. Bg2 Na6 14. O-O Nc5 15. Kh2
Nxe4 16. Nxe4 Bxe4 17. Bxe4 Nf6 18. Bf3 Qxe2 19. Bxe2 Rae8 20. Bf3 Kg7 21. Kg2
Ne4 22. Rb1 a5 23. b3 b6 24. a3 h6 25. h4 Bc3 26. Rd1 Bf6 27. Bxe4 Rxe4 28. a4
Rfe8 29. Be3 g5 30. hxg5 Bxg5 31. Bd4+ Kg6 32. Bc3 Re2 33. Re1 R8e3 34. Rxe2
Rxe2 35. Rb2 Re8 36. Kf3 Rf8+ 37. Ke4 Re8+ 38. Kd3 Rf8 39. f4 Bf6 40. Bxf6 Kxf6
41. Rh2 Kg6 42. Re2 Kf5 43. Rh2 Rg8 44. Rh3 Kg6 45. g4 Rf8 46. Ke3 Re8+ 47. Kf2
Re4 48. Kf3 Re1 49. f5+ Kg7 50. Kf4 Rf1+ 51. Rf3 Rh1 52. Re3 Kf7 53. Kf3 Rh3+
54. Ke2 Rh2+ 55. Kd3 Rh4 56. Re6 Rh3+ 57. Ke4 Rh1 58. Kd3 Rh3+ 59. Re3 Rh4 60.
Re4 Rh3+ 61. Kc2 Rh4 62. Re6 Rh2+ 63. Kd3 Rh3+ 64. Re3 Rh4 65. Rg3 Kf6 66. Kc3
Rh1 67. Re3 Kf7 68. Re6 Rh3+ 69. Kb2 Rh2+ 70. Ka3 Rh3 71. Rg6 Rh4 72. g5 hxg5
73. Rxg5 Rf4 74. Rh5 Kg7 75. Rg5+ Kf7 1/2-1/2

[Event "Bansko Grand Chess Open"]
[Site "Bansko BUL"]
[Date "2010.12.14"]
[Round "3.2"]
[White "Savchenko, Boris"]
[Black "Zaslavsky, Mikhail"]
[Result "1-0"]
[WhiteTitle "GM"]
[BlackTitle "IM"]
[WhiteElo "2632"]
[BlackElo "2424"]
[WhiteFideId "4147332"]
[BlackFideId "2807670"]
[EventDate "2010.12.13"]

1. e4 c5 2. Nf3 Nc6 3. d4 cxd4 4. Nxd4 Nf6 5. Nc3 e5 6. Ndb5 d6 7. Bg5 a6 8.
Bxf6 gxf6 9. Na3 b5 10. Nd5 Bg7 11. Bd3 Ne7 12. Ne3 Be6 13. c4 Qa5+ 14. Qd2
Qxd2+ 15. Kxd2 b4 16. Nac2 a5 17. b3 Kd7 18. a3 bxa3 19. g3 Bh6 20. Rxa3 Nc6 21.
Kc3 Nb4 22. Rha1 Rhb8 23. Be2 Nc6 24. Rd1 Bxe3 25. Nxe3 Nd4 26. Bd3 Rb7 27. Bc2
Kc6 28. Rda1 Rab8 29. Bd1 a4 30. bxa4 Kc5 31. a5 Rb4 32. a6 Bxc4 33. Nxc4 Rxc4+
34. Kd3 Nc6 35. Bh5 Nb4+ 36. Kd2 Rd4+ 37. Ke2 Rxe4+ 38. Kf1 Rd4 39. Rf3 Kb6 40.
a7 Ra8 41. Rxf6 Nc2 1-0

[Event "Bansko Grand Chess Open"]
[Site "Bansko BUL"]
[Date "2010.12.14"]
[Round "3.3"]
[White "Berbatov, Kiprian"]
[Black "Spasov, Vasil"]
[Result "1/2-1/2"]
[WhiteTitle "IM"]
[BlackTitle "GM"]
[WhiteElo "2461"]
[BlackElo "2606"]
[WhiteFideId "2910446"]
[BlackFideId "2900041"]
[EventDate "2010.12.13"]

1. e4 c5 2. Nf3 Nc6 3. d4 cxd4 4. Nxd4 Nf6 5. Nc3 e5 6. Ndb5 d6 7. Bg5 a6 8. Na3
b5 9. Bxf6 gxf6 10. Nd5 f5 11. Bd3 Be6 12. c3 Bg7 13. Nxb5 axb5 14. Bxb5 Bd7 15.
exf5 Nb8 16. a4 O-O 17. f6 Bxf6 18. Nxf6+ Qxf6 19. Bxd7 Nxd7 20. Qg4+ Qg6 21.
Qxd7 Qe4+ 22. Kf1 Rfb8 23. h4 Rxb2 24. Kg1 Qf4 25. Rf1 Qxa4 26. Qxd6 Qf4 27. Qd1
Raa2 28. Qd8+ Kg7 29. Qg5+ Qxg5 30. hxg5 Kg6 31. Rh6+ Kxg5 32. Rxh7 f5 33. Rh3
Rc2 34. Re3 e4 35. g3 Kg4 36. Kg2 Rab2 37. c4 Rxc4 38. Ra3 Rcc2 39. Ra8 Kg5 40.
Rg8+ Kf6 41. Rf8+ Kg6 42. g4 fxg4 43. Kg3 1/2-1/2

[Event "Bansko Grand Chess Open"]
[Site "Bansko BUL"]
[Date "2010.12.14"]
[Round "3.5"]
[White "Maksimovic, Branimir"]
[Black "Grigoryan, Avetik"]
[Result "1/2-1/2"]
[WhiteTitle "IM"]
[BlackTitle "GM"]
[WhiteElo "2421"]
[BlackElo "2580"]
[WhiteFideId "901490"]
[BlackFideId "13302191"]
[EventDate "2010.12.13"]

1. d4 Nf6 2. c4 c5 3. d5 e6 4. Nc3 exd5 5. cxd5 d6 6. Nf3 g6 7. g3 Bg7 8. Bg2
O-O 9. O-O Nbd7 10. h3 Qe7 11. a4 Ne4 12. Nxe4 Qxe4 13. Bf4 Qe7 14. Ra3 Nf6 15.
g4 b6 16. Nd2 Ba6 17. Re3 Qd7 18. b3 b5 19. axb5 Bxb5 20. Nc4 Bxc4 21. bxc4 a5
22. Ra3 a4 23. Qc2 Ra6 24. Rb1 Rfa8 25. e4 Qe8 26. Rb5 Nd7 27. g5 Bd4 28. Bf1
Ne5 29. Kg2 Qe7 30. Qb1 R6a7 31. Be2 Rf8 32. Bg3 f6 33. f4 Nf7 34. h4 Re8 35.
Bf3 Kg7 36. Qc2 Rea8 37. Rb6 Rb7 38. gxf6+ Bxf6 39. Rxb7 Qxb7 40. Rxa4 Rxa4 41.
Qxa4 Qb2+ 42. Kh3 Qc3 43. Bd1 h6 44. Qc2 Qe3 45. Qe2 Qg1 46. Qe1 Qd4 47. Bf3 g5
48. hxg5 hxg5 49. Bh5 gxf4 50. Bxf4 Ng5+ 51. Bxg5 Bxg5 52. Qg3 Qf6 53. Bf3 1/2-1/2

[Event "Bansko Grand Chess Open"]
[Site "Bansko BUL"]
[Date "2010.12.14"]
[Round "3.6"]
[White "Mastrovasilis, Athanasios"]
[Black "Ashwin, Jayaram"]
[Result "1-0"]
[WhiteTitle "GM"]
[BlackTitle "IM"]
[WhiteElo "2556"]
[BlackElo "2420"]
[WhiteFideId "4201990"]
[BlackFideId "5018137"]
[EventDate "2010.12.13"]

1. d4 Nf6 2. c4 g6 3. Nc3 Bg7 4. e4 d6 5. Nf3 O-O 6. Be3 e5 7. dxe5 dxe5 8. Qxd8
Rxd8 9. Nd5 Na6 10. Rd1 Re8 11. Nxf6+ Bxf6 12. a3 c6 13. c5 Nc7 14. Bc4 Bg4 15.
h3 Bxf3 16. gxf3 Rad8 17. Ke2 Ne6 18. Bxe6 fxe6 19. b4 Rxd1 20. Rxd1 Rd8 21. Rb1
a6 22. a4 Rd7 23. b5 axb5 24. axb5 cxb5 25. Rxb5 Kf7 26. Ra5 Be7 27. f4 exf4 28.
Bxf4 Bf8 29. Rb5 Be7 30. Bb8 g5 31. e5 Ke8 32. Bd6 Bd8 33. Rb3 Rf7 34. f3 Rg7
35. Rb4 Rf7 36. Ke3 Rg7 37. Ra4 Rd7 38. Ra8 Rf7 39. Rb8 h6 40. Ke2 h5 41. Ke3
Rg7 42. f4 gxf4+ 43. Kxf4 Rf7+ 44. Ke4 Rg7 45. Kd4 Rf7 46. Kc4 Rf4+ 47. Kb5 Rf7
48. c6 bxc6+ 49. Kxc6 h4 50. Bc5 Rc7+ 51. Kd6 Rd7+ 52. Kxe6 Re7+ 53. Kf5 Rf7+
54. Kg6 Rc7 55. Rxd8+ Kxd8 56. Bb6 Kc8 57. Bxc7 Kxc7 58. Kf7 1-0

[Event "Bansko Grand Chess Open"]
[Site "Bansko BUL"]
[Date "2010.12.14"]
[Round "3.8"]
[White "Collas, Didier"]
[Black "Nabaty, Tamir"]
[Result "0-1"]
[WhiteTitle "IM"]
[BlackTitle "IM"]
[WhiteElo "2420"]
[BlackElo "2529"]
[WhiteFideId "602680"]
[BlackFideId "2809052"]
[EventDate "2010.12.13"]

1. d4 Nf6 2. Nf3 e6 3. e3 d5 4. Bd3 c5 5. c3 Nc6 6. O-O Bd6 7. Nbd2 O-O 8. dxc5
Bxc5 9. e4 h6 10. Qe2 Qc7 11. Bc2 a5 12. a4 b6 13. exd5 exd5 14. Nb3 Re8 15. Qd1
Bg4 16. Qd3 Re4 17. Bd1 Bc8 18. Qd2 Ba6 19. Re1 Rae8 20. Nxc5 bxc5 21. Bc2 Rxe1+
22. Nxe1 Re2 23. Qd1 Ng4 24. Nf3 Nce5 0-1

[Event "Bansko Grand Chess Open"]
[Site "Bansko BUL"]
[Date "2010.12.14"]
[Round "3.12"]
[White "Arnaudov, G. Petar"]
[Black "Pavlidou, Ekaterini"]
[Result "1-0"]
[WhiteTitle "IM"]
[BlackTitle "WIM"]
[WhiteElo "2468"]
[BlackElo "2188"]
[WhiteFideId "2907127"]
[BlackFideId "4213262"]
[EventDate "2010.12.13"]

1. c4 Nf6 2. Nc3 e6 3. e4 c5 4. e5 Ng8 5. Nf3 Nc6 6. d4 cxd4 7. Nxd4 Nxe5 8.
Ndb5 a6 9. Nd6+ Bxd6 10. Qxd6 f6 11. Be3 Ne7 12. Bb6 Nf5 13. Qc5 Qe7 14. Qxe7+
Kxe7 15. f4 Ng4 16. Be2 h5 17. O-O d6 18. h3 Ngh6 19. Rfe1 h4 20. Bf3 Kf7 21.
Rad1 a5 22. Nb5 Ra6 23. Bf2 Ng8 24. Na7 Nge7 25. Nxc8 Rxc8 26. Bxb7 Rac6 27.
Bxc8 Rxc8 28. b3 d5 29. cxd5 exd5 30. Rc1 Rd8 31. Bb6 Rd7 32. Rc7 Rxc7 33. Bxc7
Nc6 34. Bb6 d4 35. Re2 Ng3 36. Rc2 Nb4 37. Rd2 Nc6 38. Rc2 Nb4 39. Rc7+ Ke6 40.
Bxa5 Nxa2 41. Rc2 Nc3 42. Bxc3 dxc3 43. Kf2 Kf5 44. Kf3 Ne4 45. Ke3 g5 46. fxg5
fxg5 47. b4 Ke5 48. b5 Nd6 49. Rxc3 1-0

[Event "Bansko Grand Chess Open"]
[Site "Bansko BUL"]
[Date "2010.12.14"]
[Round "3.13"]
[White "Dimitrov, Radoslav"]
[Black "Iskos, Alexandros"]
[Result "1/2-1/2"]
[WhiteTitle "IM"]
[WhiteElo "2410"]
[BlackElo "2080"]
[WhiteFideId "2908549"]
[BlackFideId "4208676"]
[EventDate "2010.12.13"]

1. b3 b6 2. Bb2 Bb7 3. Nf3 e6 4. g3 f5 5. Bg2 Nf6 6. O-O Be7 7. d3 O-O 8. Nbd2
Qe8 9. e4 fxe4 10. dxe4 Qh5 11. e5 Ng4 12. h3 Nh6 13. Nd4 Qxd1 14. Raxd1 Bxg2
15. Kxg2 a6 16. Ne4 Nf5 17. Nxf5 Rxf5 18. f4 Rf8 19. g4 Rd8 20. Rd2 Nc6 21. Rfd1
d5 22. exd6 cxd6 23. Nxd6 Nb4 24. Nc4 Nxc2 25. Kf3 b5 26. Ne5 Nb4 27. a3 Nd5 28.
Nc6 Re8 29. f5 Bf6 30. Bxf6 Nxf6 31. g5 Nd5 32. Re1 Rac8 33. Rc1 Rc7 34. Kg3 Ne7
35. Nxe7+ Rcxe7 36. f6 gxf6 37. gxf6 Rf7 38. Rf1 Ref8 39. Rdf2 Rd7 40. Kh4 Rd4+
41. Kh5 Kf7 42. Rg2 Rg8 1/2-1/2

[Event "Bansko Grand Chess Open"]
[Site "Bansko BUL"]
[Date "2010.12.14"]
[Round "3.14"]
[White "Grapsa, Georgia"]
[Black "Nikolaidis, Ioannis"]
[Result "0-1"]
[BlackTitle "GM"]
[WhiteElo "2060"]
[BlackElo "2552"]
[WhiteFideId "4206436"]
[BlackFideId "4202139"]
[EventDate "2010.12.13"]

1. d4 d5 2. Nf3 c5 3. c4 dxc4 4. e3 Nf6 5. Bxc4 e6 6. O-O a6 7. a4 Nc6 8. Qe2
cxd4 9. Rd1 Be7 10. exd4 O-O 11. Nc3 Nd5 12. Bd3 Bf6 13. Qe4 g6 14. h4 Bg7 15.
Bc2 Qb6 16. h5 Nf6 17. Qh4 Nxh5 18. g4 Nf6 19. Kg2 e5 20. g5 Nh5 21. a5 Qa7 22.
d5 Nd4 23. Be3 Nxf3 24. Kxf3 Qb8 25. d6 Bd7 26. Ba4 Rd8 27. Ne4 Bxa4 28. Rxa4
Qc8 29. Rc4 Qf5+ 30. Ke2 Nf4+ 31. Bxf4 exf4 32. Rh1 Rac8 33. Nf6+ Bxf6 0-1